000 00509nam a22001817a 4500
999 _c6464
_d6464
003 GBCCL
005 20241126110604.0
008 180515b ||||| |||| 00| 0 eng d
020 _a0946515840
040 _cgbc
082 _a226.207
_bWIE
100 _aWiersbe, Warren W.
_d1929 -
_911572
245 _aBe compassionate:
_bLuke 1-13 /
_cWarren W. Wiersbe
260 _bScripture Press,
_aEngland:
_c1988
300 _a158 p.;
_c18 cm.
650 _aBible
_vLuke I-XIII
_xCommentaries
_911573
942 _2ddc
_cBK
_02